Responses for Show #3949 - Thursday, November 1, 2001

2001 Tournament of Champions final game 1.

Contestants

[<< previous game]

Rick Knutsen, a musician from Brooklyn, New York

Brad Rutter, a network administrator from Lancaster, Pennsylvania

Tad Carithers, an attorney from Atlanta, Georgia

[next game >>]

Jeopardy! Round responses

THE NEAREST CONTINENT
(Alex: We'll give you an island; you name the nearest continent to that island. It might also be the continent the island is part of.)
FEMINISM
SPACE
THEY GOT MILK, TOO?
NAME THE SPORT
QUASI-RELATED PAIRS
    $100 6
North America

Rick
    $100 9
"and women"

Tad
    $100 15
Galileo

Rick
    $100 22
the Williams Sisters (Serena & Venus)

Rick
    $100 14
putt-putt (or miniature golf)

Tad
    $100 1
Oscar & Felix

Rick
    $200 7
Asia

Brad
    $200 10
stalking

Rick
    $200 25
Earth

Tad
    $200 23
Batman

Tad
    $200 16
soccer

Brad
    $200 2
(Tad: What is battery acid?)

a salt & Battery

Tad
Triple Stumper
    $300 8
South America

Tad
    $300 11
the U.S. Open

Tad
    $300 26
Saturn

Rick
    $300 24
the Rugrats

Brad
    $300 19
ice hockey

Tad
    $300 3
Master's & John's son

Rick
    $400 17
Europe

Brad
    $400 12
male chauvinist pig

Rick
    $400 27
(Tad: Who is Jupiter?)

Uranus

TadRick
    $400 29
Kiss

Brad
    $400 20
(Brad: What is arena football?)

polo

Brad
Triple Stumper
    $400 4
Mason & Dixon

Rick
    $500 18
Africa

Tad
    $1,500 13
(Alex: Women's Suffrage Amendment.)

the 19th Amendment

Rick
    $500 28
Sojourner

Triple Stumper
    $500 30
Britney Spears

Tad
    $500 21
(Alex: Obviously, you three do not play polo or [*]; [*], very popular in Canada and Scotland and in other countries in Europe.)

curling

Triple Stumper
    $500 5
track & field

Brad

Scores at the first commercial break (after clue 15):

Tad Brad Rick
$600 $700 $3,100

Scores at the end of the Jeopardy! Round:

Tad Brad Rick
$1,900 $1,600 $3,900

Double Jeopardy! Round responses

SHAKESPEARE
DOGS OF WAR
THE BIG WHIGS
LAKES & RIVERS
THE BRITISH MUSEUM
FINISH THE "LOVE"LY LYRIC
    $200 4
The Taming of the Shrew

Brad
    $200 7
World War I

Rick
    $200 1
the Democrats

Brad
    $200 21
(Rick: What is Lake Maracaibo?)

Lake Titicaca

TadRick
    $200 22
the Magna Carta

Rick
    $200 8
"love the one you're with"

Rick
    $400 15
Joan of Arc

Brad
    $400 10
the Korean War

Tad
    $400 2
Jackson

Brad
    $400 27
the East River

Rick
    $400 23
the Sphinx

Tad
    $400 9
"love stinks"

Brad
    $1,000 14
(Tad: Who is... Guinevere?)
(Alex: No, who is King John's mother, and Richard's mom, [*]?)

Eleanor of Aquitaine

Tad
    $600 11
Sicily

Tad
    $600 3
(Horace) Greeley

Rick
    $600 28
Lake Baikal

Brad
    $600 24
the Rosetta Stone

Tad
    $600 18
"Love Potion No. 9"

Brad
    $800 16
Cassius

Brad
    $800 12
(Tad: What is Iwo Jima?)
(Brad: What is Guadalcanal?)
(Rick: What is Okinawa?)
...
(Alex: No harm, no foul on that one: the correct response is [*].)

Guam

TadBradRick
Triple Stumper
    $800 5
Seward

Tad
    $800 29
the Rhone

Triple Stumper
    $800 25
(Tad: Who is Wellington?)

Lord Elgin

TadBrad
    $800 19
"how deep is your love"

Brad
    $1000 17
Coriolanus

Rick
    $1000 13
(Tad: What is Marathon?)

Corinth

Tad
Triple Stumper
    $1,000 6
(Zachary) Taylor

Tad
    $1000 30
(Brad: What is Lake Honduras?)

Lake Nicaragua

TadBrad
    $1000 26
Dracula

Rick
    $1000 20
"love is a battlefield"

Brad

Scores at the end of the Double Jeopardy! Round:

Tad Brad Rick
$3,300 $6,000 $6,500

Final Jeopardy! Round responses

AMERICAN LITERATURE
TadWhat is Atlas Shrugged?
$2,000
BradWhat is The Miracle Worker?
$3,500
RickWhat is Giant?
$3,500
The Heart Is a Lonely Hunter (by Carson McCullers)

Final scores:

Tad Brad Rick
$1,300 $2,500 $3,000

Game dynamics:

Coryat scores:

Tad Brad Rick
$4,300 $6,000 $5,500
17 R
(including 1 DD),
6 W
(including 1 DD)
17 R,
3 W
18 R
(including 1 DD),
2 W

Combined Coryat: $15,800

[game clues] [game scores] [suggest correction]

Game tape date: 2001-09-25
The J! Archive is created by fans, for fans. Scraping, republication, monetization, and malicious use prohibited; this site may use cookies and collect identifying information. See terms. The Jeopardy! game show and all elements thereof, including but not limited to copyright and trademark thereto, are the property of Jeopardy Productions, Inc. and are protected under law. This website is not affiliated with, sponsored by, or operated by Jeopardy Productions, Inc. Join the discussion at JBoard.tv.